00798nam a22002297a 45000010005000000030009000050050017000140070005000310080048000360200018000840400022001021000037001242450091001612600029002523000027002814900020003085000154003286500020004826510023005027000023005258300020005480074DO-SdBNP20180327150621.00074151111b ec 2003 xxu||||| |||| 00| 0 spa d a9789978807781 aBPMSUbspacBPMSU10aFernández Pequeño, José M.10aCuentos para angélica /cJosé M. Fernández Pequeño ; ilustración Roger Icaza aQuito :bLibresa,c2003 a113 p. :bil.,c20 cm.10aMitad del mundo aCuentos para Angélica fue considerada finalista en la edición 2003 del ¨Concurso Internacional de Literatura Infantil LIBRESA - Julio C. Coba¨. aCUENTOS CUBANOS aLITERATURA CUBANA10aIcaza, Roger,3tr.00aMitad del mundo